| 000 | 00000ngm 2200000za 4500 |
| 001 | 9.845955 |
| 003 | CaOODSP |
| 005 | 20240610142025 |
| 006 | m o c f |
| 007 | cr cna|||a|||| |
| 008 | 171023s2015 onc035 fo vcfre d |
| 040 | |aCaOODSP|bfre |
| 043 | |an-cn--- |
| 086 | 1 |aRv4-114/2015F-MP4 |
| 245 | 00|aPrincipes de base de la paie |h[ressource électronique] : |bla méthode pour les primes. |
| 260 | |a[Ottawa] : |bAgence du revenu du Canada, |cc2015. |
| 300 | |a1 vidéo en streaming (35 min., 23 sec.) : |bs., coul. |
| 500 | |aPubl. aussi en anglais sous le titre : Payroll basics: the bonus method. |
| 500 | |aTitre du titre d'écran. |
| 520 | |a« Ce webinaire aidera les employeurs à comprendre comment utiliser la méthode pour les primes afin de calculer les montants à retenir des paiements spéciaux, y compris les paies de vacances et les bonis. Nous discuterons également de la façon et du moment de faire les versements à l’ARC »--Fournis par l'éditeur. |
| 538 | |aExigences du système : Windows Media Player. |
| 538 | |aMode d'accès : World Wide Web. |
| 692 | 07|2gccst|aEntreprise |
| 692 | 07|2gccst|aSalaire |
| 692 | 07|2gccst|aImpôt sur le revenu des particuliers |
| 692 | 07|2gccst|aCrédit d'impôt |
| 710 | 2 |aAgence du revenu du Canada. |
| 775 | 08|tPayroll basics |w(CaOODSP)9.845952 |
| 856 | 40|qMP4|s123.26 Mo|uhttps://publications.gc.ca/collections/collection_2017/arc-cra/Rv4-114-2015-fra.mp4|zVidéo |